000 00489nam a2200193Ia 4500
005 20240422093810.0
008 131103s9999 xx 000 0 und d
020 _a81 7181 089 6
040 _aLoreto College
041 _aEnglish
082 _a425
_bMAT
100 _aMathur, Chandralekha
245 _aFun with pronouns
_cChandralekha Mathur
260 _aNew Delhi
_bLearners press
_c1994
300 _a40p.
_b ill.
650 _aEnglish language
850 _aLCBED
942 _cBK
999 _c28045
_d78524